| 000 | 00732nam a2200253 a 4500 | ||
|---|---|---|---|
| 001 | 000045689 | ||
| 003 | DO-SdBNP | ||
| 005 | 20180323151238.0 | ||
| 007 | 000045689 | ||
| 008 | 150427s2014 dr a 000 0 spa d | ||
| 020 | _a9789945007565 | ||
| 040 |
_aBPMET _bspa _cBPMET |
||
| 092 |
_axxxx _bxxxx |
||
| 100 | 1 | _aPhipps, Miguel | |
| 245 | 1 | 0 |
_aResinámbar / _cMiguel Phipps ; ilustración Ohanda Coste. |
| 260 |
_aSanto Domingo : _bCorripio, _c2014. |
||
| 300 |
_a20 p. : _bil ; _c28 cm. |
||
| 490 | 1 |
_aInfantil Melina Phipps _v2 |
|
| 700 | 1 | 2 |
_aCoste, Ohanda, _eil. |
| 830 | 0 |
_aInfantil Melina Phipps ; _n2 |
|
| 942 |
_2ddc _cBK |
||
| 945 | _aRemanejado para la BNPHU / 2018 VM | ||
| 956 |
_aVMATEO _b10 _c20150717 _lBPMSU _h00151 |
||
| 999 |
_c7722 _d7722 |
||